The McGraw-Hill handbook of American depositary receipts (Бичлэгийн дугаар. 145861)
| 000 -УДИРДЛАГА | |
|---|---|
| Удирдлага | 01044nam a22003137a 4500 |
| 003 - ХЯНАЛТЫН ТОО ТОДОРХОЙЛОГЧ | |
| Код | MN-UlNUM |
| 005 - БИЧИЛТ ХИЙСЭН ОГНОО | |
| Тухайн бичилтийг бичсэн засварласан сүүлийн огноо | 20251205155342.0 |
| 008 - ЕРӨНХИЙ МЭДЭЭЛЭЛ | |
| Ерөнхий мэдээлэл | 251205s1995 nyuab||| |||| 001 0 eng d |
| 020 ## - ISBN | |
| ISBN | 0070133336 |
| 040 ## - БИЧЛЭГ ҮҮСГЭГЧ БАЙГУУЛЛАГА | |
| Бичлэг үүсгэгч номын сангийн код | МУИС-ийн номын сан |
| 084 ## - ББК АНГИЛАЛ | |
| Нэмэлт тусгалт | Нэвтэрхий толь бичиг |
| ББК ангилал | 92 |
| Зохиогчийн гурван тэмдэгт | R 53 |
| Мэдлэгийн ялгаа | 9 - Лавлах хэвлэл |
| 245 04 - ҮНДСЭН ГАРЧИГ | |
| Номын нэр | The McGraw-Hill handbook of American depositary receipts |
| Оролцогчдын тухай мэдээ | Richard Jay Coyle, editor in Chief. |
| 260 ## - ГАРАЛТЫН МЭДЭЭ | |
| Хэвлэгдсэн газар | New York : |
| Хэвлэлийн газар | McGraw-Hill, |
| Хэвлэгдсэн он | 1995. |
| 300 ## - МАТЕРИАЛЫН ТОДОРХОЙЛОЛТ | |
| хуудасны тоо | xxiii, 392 p. : |
| Бусад тоон мэдээлэл | ill. ; |
| Хэмжээ | 24 cm. |
| 500 ## - Тайлбар | |
| Дансны дугаар | БС 4539 |
| 546 ## - ХЭЛНИЙ ТУХАЙ МЭДЭЭ | |
| Хэл | Англи хэл дээр, |
| 653 ## - Түлхүүр үг | |
| Түлхүүр үг | American depository receipts. |
| 653 ## - Түлхүүр үг | |
| Түлхүүр үг | Investments, American. |
| 653 ## - Түлхүүр үг | |
| Түлхүүр үг | Corporations, Foreign |
| 653 ## - Түлхүүр үг | |
| Түлхүүр үг | Corporations, Foreign |
| 700 1# - ХАМ ЗОХИОГЧИД | |
| Ба бус | Coyle, Richard Jay. |
| 740 ## - НОМЫН ГАРЧИГ | |
| Гарчиг | Instruments of International Finance: The History of ADRs |
| 740 ## - НОМЫН ГАРЧИГ | |
| Гарчиг | Depositary Receipts Overview |
| 740 ## - НОМЫН ГАРЧИГ | |
| Гарчиг | The Unsponsored ADR Marketplace |
| 740 ## - НОМЫН ГАРЧИГ | |
| Гарчиг | Application of the U.S. Securities Laws to ADRs |
| 942 ## - ЭЛЕМЕНТИЙН ТӨРӨЛ | |
| Зүйлийн төрөл | Ном |
